VI Школа-конференция молодых атомщиков Сибири: сборник тезисов докладов, 14-16 октября 2015 г., г. Томск
| Autores Corporativos: | , , , , , |
|---|---|
| Sumario: | Заглавие с экрана Сборник включает материалы VI Школы-конференции молодыхатомщиков Сибири. Приводятся результаты научных исследований,связанных с совершенствованием ядерно-химических технологий,автоматизацией технологических процессов, применением современных информационных технологий в атомной промышленности и энергетике, а также актуальными вопроса миядерного нераспространения, безопасности и экологии атомной отрасли, перспективными направлениями развития ядерной энергетики и ядерной медицины. Кроме того, рассмотрены вопросы по теме «Ядерные технологии – шаг в будущее». Для специалистов, работающих в атомной отрасли, а также для студентов, аспирантов и молодых ученых, интересующихся актуальными вопросами ядерной энергетики и промышленности. |
| Lenguaje: | ruso |
| Publicado: |
Томск, Изд-во СТИ НИЯУ МИФИ, 2015
|
| Materias: | |
| Acceso en línea: | http://earchive.tpu.ru/handle/11683/22302 http://www.lib.tpu.ru/fulltext/c/2015/C63/C63.pdf |
| Formato: | Electrónico Libro |
| KOHA link: | https://koha.lib.tpu.ru/cgi-bin/koha/opac-detail.pl?biblionumber=614978 |
MARC
| LEADER | 00000nam0a2200000 4500 | ||
|---|---|---|---|
| 001 | 614978 | ||
| 005 | 20231102023523.0 | ||
| 035 | |a (RuTPU)RU\TPU\conf\13155 | ||
| 090 | |a 614978 | ||
| 100 | |a 20151020d2015 k y0rusy50 ca | ||
| 101 | 0 | |a rus | |
| 102 | |a RU | ||
| 105 | |a y z 101zy | ||
| 135 | |a drcn ---uucaa | ||
| 181 | 0 | |a i | |
| 182 | 0 | |a b | |
| 200 | 1 | |a VI Школа-конференция молодых атомщиков Сибири |e сборник тезисов докладов, 14-16 октября 2015 г., г. Томск |f Росатом ; Томская область, Администрация ; Сибирский химический комбинат (СХК) ; Национальный исследовательский Томский политехнический университет (ТПУ) ; Национальный исследовательский ядерный университет "МИФИ", Северский технологический институт (СТИ) | |
| 203 | |a Текст |c электронный | ||
| 210 | |a Томск |c Изд-во СТИ НИЯУ МИФИ |d 2015 | ||
| 230 | |a 1 компьютерный файл (pdf; 1,2 MB) | ||
| 300 | |a Заглавие с экрана | ||
| 330 | |a Сборник включает материалы VI Школы-конференции молодыхатомщиков Сибири. Приводятся результаты научных исследований,связанных с совершенствованием ядерно-химических технологий,автоматизацией технологических процессов, применением современных информационных технологий в атомной промышленности и энергетике, а также актуальными вопроса миядерного нераспространения, безопасности и экологии атомной отрасли, перспективными направлениями развития ядерной энергетики и ядерной медицины. Кроме того, рассмотрены вопросы по теме «Ядерные технологии – шаг в будущее». Для специалистов, работающих в атомной отрасли, а также для студентов, аспирантов и молодых ученых, интересующихся актуальными вопросами ядерной энергетики и промышленности. | ||
| 337 | |a Adobe Reader | ||
| 606 | 1 | |a Атомная энергия |2 stltpush |3 (RuTPU)RU\TPU\subj\29677 |9 52955 | |
| 610 | 1 | |a электронный ресурс | |
| 610 | 1 | |a труды учёных ТПУ | |
| 610 | 1 | |a материалы конференций | |
| 610 | 1 | |a ядерный топливный цикл | |
| 610 | 1 | |a ядерная энергетика | |
| 610 | 1 | |a ядерные технологии | |
| 610 | 1 | |a инновационная экономика | |
| 610 | 1 | |a медицина | |
| 610 | 1 | |a промышленность | |
| 610 | 1 | |a сельское хозяйство | |
| 610 | 1 | |a безопасность | |
| 610 | 1 | |a экология | |
| 610 | 1 | |a фторидные технологии | |
| 610 | 1 | |a атомная промышленность | |
| 610 | 1 | |a редкоземельная продукция | |
| 610 | 1 | |a производство | |
| 675 | |a 621.039(063) |v 3 | ||
| 712 | 1 | 2 | |a VI Школа-конференция молодых атомщиков Сибири |d 6 |e Томск |f 2015 |
| 712 | 0 | 2 | |a Росатом |c Государственная корпорация по атомной энергии |c (2008- ) |2 stltpush |3 (RuTPU)RU\TPU\col\14349 |9 25907 |
| 712 | 0 | 1 | |a Томская область |b Администрация |2 stltpush |3 (RuTPU)RU\TPU\col\449 |9 23442 |
| 712 | 0 | 2 | |a Сибирский химический комбинат (СХК) |c Федеральное государственное унитарное предприятие |c (Северск) |2 stltpush |3 (RuTPU)RU\TPU\col\111 |
| 712 | 0 | 2 | |a Национальный исследовательский Томский политехнический университет (ТПУ) |c (2009- ) |2 stltpush |3 (RuTPU)RU\TPU\col\15902 |
| 712 | 0 | 2 | |a Национальный исследовательский ядерный университет "МИФИ" |b Северский технологический институт (СТИ) |c (2009- ) |2 stltpush |3 (RuTPU)RU\TPU\col\16394 |
| 801 | 2 | |a RU |b 63413507 |c 20210215 |g RCR | |
| 856 | 4 | |u http://earchive.tpu.ru/handle/11683/22302 | |
| 856 | 4 | |u http://www.lib.tpu.ru/fulltext/c/2015/C63/C63.pdf | |
| 942 | |c BK | ||